000 01262nam a22003374a 4500
001 ebr10225484
003 CaPaEBR
006 m u
007 cr cn|||||||||
008 060407s2007 caua sb 000 0 eng
010 _z 2006011784
020 _z083303913X (pbk. : alk. paper)
040 _aCaPaEBR
_cCaPaEBR
035 _a(OCoLC)183659741
043 _an-us---
050 1 4 _aHV6432
_b.L53 2007eb
082 0 4 _a363.325
_222
100 1 _aLibicki, Martin C.
245 1 0 _aExploring terrorist targeting preferences
_h[electronic resource] /
_cMartin C. Libicki, Peter Chalk, Melanie Sisson.
260 _aSanta Monica, CA :
_bRAND,
_cc2007.
300 _axxii, 107 p. :
_bill.
500 _a"MG-483."
504 _aIncludes bibliographical references.
533 _aElectronic reproduction.
_bPalo Alto, Calif. :
_cebrary,
_d2013.
_nAvailable via World Wide Web.
_nAccess may be limited to ebrary affiliated libraries.
650 0 _aTerrorism
_zUnited States
_xPrevention.
655 7 _aElectronic books.
_2local
700 1 _aChalk, Peter.
700 1 _aSisson, Melanie.
710 2 _aebrary, Inc.
856 4 0 _uhttp://site.ebrary.com/lib/rucke/Doc?id=10225484
_zAn electronic book accessible through the World Wide Web; click to view
999 _c40793
_d40793